| 000 | 01260nam a22001937a 4500 | ||
|---|---|---|---|
| 008 | 100725t xxu||||| |||| 00| 0 ara d | ||
| 082 |
_222 _a258.2 _bم ل ت |
||
| 245 |
_aملتقى الامام ابن عرفة : _bسجل لبحوث والمناقشات التي دارت عن محمد بن عرفة والمذهب المالكي ومصادره وعوامل انتشاره بافريقية والأندلس بمدنين من 19 إلي 22 فيفري 1976 _cمحمد بن محمد بن عرفة الورغمي |
||
| 260 |
_aتونس : _bوزارة الشئون الثقافية ،1977 _c1977. |
||
| 300 |
_a545 ص ; _c20 سم. |
||
| 490 |
_926479 _aمنشورات الحياة الثقافية |
||
| 504 | _aيحتوي علي ارجاعات ببليوجرافية. | ||
| 600 |
_926480 _aالورغمي ، _qمحمد بن محمد بن عرفه |
||
| 650 |
_926481 _aالفقه المالكي |
||
| 710 |
_916748 _aوزارة الشئون الثقافية _cتونس |
||
| 711 |
_916753 _aملتقى الامام ابن عرفة _cتونس _d19 إلى 22 فيفري 1976. |
||
| 942 |
_2ddc _cBB |
||
| 999 |
_c14537 _d14537 |
||